Szczegóły MARC21

Zachowania polskich konsumentów w warunkach kryzysu gospodarczego : praca zbiorowa /

003 -Nazwa inst., której nr kontr. jest w polu 001 [,]
    • @
    • Nazwa instytucji, której n kontrolny jest w polu 001
    • NUKAT
005 -DATA I CZAS OSTATNIEJ MODYFIKACJI [,]
    • @
    • pole kontrolne
    • 20241231113554.0
020 -Międzynarod. znormalizowany nr książki - ISBN [ , ]
    • a
    • Numer ISBN
    • 9788374881586 Find
040 -Instytucja sporządzająca opis [ , ]
    • a
    • Instytucja, która sporządziła opis (NP)
    • WR U/brk
    • b
    • Język katalogowania
    • pol
    • e
    • Zasady katalogowania
    • rda
    • c
    • Instytucja, która sporządziła rekord (NP)
    • WR U/brk
    • d
    • Instytucja, która zmodyfikowała rekord (P)
    • WR U/hb
    • d
    • Instytucja, która zmodyfikowała rekord (P)
    • WR U/DFs
    • d
    • Instytucja, która zmodyfikowała rekord (P)
    • WA LAZ/AZ
    • d
    • Instytucja, która zmodyfikowała rekord (P)
    • GL 001/FMM
942 -Rodzaj dokumentu [ , ]
    • c
    • Rodzaj dokumentu
    • Książka
245 -Strefa tytułu i oznaczenia odpowiedzialności [0,0]
    • a
    • Tytuł
    • Zachowania polskich konsumentów w warunkach kryzysu gospodarczego : Find
    • b
    • Ciąg dalszy tytułu (NP)
    • praca zbiorowa / Find
    • c
    • Pozostałe elementy strefy tytułu i oznaczenia odpowiedzialności (NP)
    • pod redakcją Ewy Kieżel, Sławomira Smyczka ; autorzy Urszula Grzega, Sławomir Smyczek, Ewa Kieżel, Jolanta Zrałek, Aleksandra Burgiel, Izabela Sowa, Agata Małysa-Kaleta.
250 -Strefa wydania [ , ]
    • a
    • Oznaczenie wydania (NP)
    • Wydanie I.
260 -Strefa adresu wydawniczego [ , ]
    • a
    • Miejsce wydania (P)
    • Warszawa :
    • b
    • Nazwa wydawcy (P)
    • Wydawnictwo Placet,
    • c
    • Data wydania (P)
    • 2011.
300 -Strefa opisu fizycznego [ , ]
    • a
    • Określenie formy książki i/lub objętość (NP)
    • 351 stron :
    • b
    • Oznaczenie ilustracji (NP)
    • ilustracje ;
    • c
    • Format (NP)
    • 24 cm.
336 -Typ zawartości [ , ]
    • a
    • Termin opisujący typ zawartości
    • Tekst
    • b
    • Kod określający zawartość
    • txt
    • 2
    • Źródło (terminu i kodu)
    • rdacontent
337 -Typ mediów [ , ]
    • a
    • Tryb odtwarzania
    • Bez urządzenia pośredniczącego
    • b
    • Kod typu mediów
    • n
    • 2
    • Źródło (terminu i kodu)
    • rdamedia
338 -Typ/rodzaj nośnika [ , ]
    • a
    • Hasło opisujące typ nośnika
    • Wolumin
    • b
    • Kod typu nośnika
    • nc
    • 2
    • Źródło (terminu i kodu)
    • rdacarrier
504 -Uwaga dot. bibliogr. załącznikowej [ , ]
    • a
    • Uwaga dot. bibliografii załącznikowej
    • Bibliografia na stronach 345-351.
530 -Uwaga dot. innej postaci fizycznej dokumentu [ , ]
    • a
    • Uwaga dot. innej postaci fizycznej dokumentu
    • Dostępne także w wersji elektronicznej.
080 -Uniwersalna Klasyfikacja Dziesiętna [ , ]
    • 2
    • Identyfikator wydania tablic
    • UDC-P058
    • 9
    • UKD
    • 3794
    • a
    • Symbol klasyfikacji
    • 366
    • b
    • Dopowiedzenie
    • Konsumeryzm. Konsumenci.
    • 4
    • UKD2
    • 7642
    • x
    • Poddział wspólny
    • (438)
    • c
    • Dopowiedzenie poddz. wspólnego
    • (Polska).
    • 4
    • UKD2
    • 11664
    • x
    • Poddział wspólny
    • "2000/..."
    • c
    • Dopowiedzenie poddz. wspólnego
    • Od 2000.
080 -Uniwersalna Klasyfikacja Dziesiętna [ , ]
    • 2
    • Identyfikator wydania tablic
    • UDC-P058
    • 9
    • UKD
    • 2985
    • a
    • Symbol klasyfikacji
    • 330.567.2
    • b
    • Dopowiedzenie
    • Wydatki. Konsumpcja. Spożycie. Oszczędności. Ekonomika gospodarstwa domowego.
    • 4
    • UKD2
    • 7642
    • x
    • Poddział wspólny
    • (438)
    • c
    • Dopowiedzenie poddz. wspólnego
    • (Polska).
    • 4
    • UKD2
    • 11664
    • x
    • Poddział wspólny
    • "2000/..."
    • c
    • Dopowiedzenie poddz. wspólnego
    • Od 2000.
650 -Hasło przedmiotowe [ ,7]
    • a
    • Hasło przedmiotowe
    • Konsumenci
    • z
    • Określnik geograficzny
    • Polska
    • x
    • Określnik rzeczowy
    • postawy
    • y
    • Określnik chronologiczny
    • 1990-.
    • 2
    • Źródło terminu
    • kaba
    • 9
    • KHW
    • 371237
650 -Hasło przedmiotowe [ ,7]
    • a
    • Hasło przedmiotowe
    • Kryzys gospodarczy (2008)
    • x
    • Określnik rzeczowy
    • wpływ.
    • 2
    • Źródło terminu
    • kaba
    • 9
    • KHW
    • 363909
980 -Symbol UKD [ , ]
    • a
    • UKD
    • 366:330.567.2](438)"2000/..."
700 -Hasło dodatkowe - nazwa osobowa [1, ]
    • a
    • Nazwa osobowa (NP)
    • Kieżel, Ewa. Find
    • e
    • Określenie rodzaju współpracy
    • Redakcja
    • e
    • Określenie rodzaju współpracy
    • Autor
    • 9
    • KHW
    • 19389
700 -Hasło dodatkowe - nazwa osobowa [1, ]
    • a
    • Nazwa osobowa (NP)
    • Smyczek, Sławomir. Find
    • e
    • Określenie rodzaju współpracy
    • Redakcja
    • e
    • Określenie rodzaju współpracy
    • Autor
    • 9
    • KHW
    • 11005
700 -Hasło dodatkowe - nazwa osobowa [1, ]
    • a
    • Nazwa osobowa (NP)
    • Grzega, Urszula. Find
    • e
    • Określenie rodzaju współpracy
    • Autor
    • 9
    • KHW
    • 17626
700 -Hasło dodatkowe - nazwa osobowa [1, ]
    • a
    • Nazwa osobowa (NP)
    • Zrałek, Jolanta. Find
    • e
    • Określenie rodzaju współpracy
    • Autor
    • 9
    • KHW
    • 39379
700 -Hasło dodatkowe - nazwa osobowa [1, ]
    • a
    • Nazwa osobowa (NP)
    • Burgiel, Aleksandra. Find
    • e
    • Określenie rodzaju współpracy
    • Autor
    • 9
    • KHW
    • 19391
700 -Hasło dodatkowe - nazwa osobowa [1, ]
    • a
    • Nazwa osobowa (NP)
    • Sowa, Izabela Find
    • c
    • Dopowiedzenie inne niż daty biograficzne (NP)
    • (ekonomia).
    • e
    • Określenie rodzaju współpracy
    • Autor
    • 9
    • KHW
    • 65497
700 -Hasło dodatkowe - nazwa osobowa [1, ]
    • a
    • Nazwa osobowa (NP)
    • Małysa-Kaleta, Agata Barbara. Find
    • e
    • Określenie rodzaju współpracy
    • Autor
    • 9
    • KHW
    • 44902
710 -Hasło dodatkowe - nazwa ciała zbiorowego [2, ]
    • a
    • Nazwa ciała zbiorowego lub nazwa geograficzna jako pierwszy element (NP)
    • Wydawnictwo Placet Leszek Plak.
    • e
    • Rodzaj współpracy
    • Wydawca
    • 4
    • Kod relacji
    • pbl
    • 9
    • KHW
    • 65137
920 -ISBN [ , ]
    • a
    • ISBN
    • 978-83-7488-158-6 Find
Data inwentaryzacji Lokalizacja Sygnatura Numer inwentarzowy Status udost.
2012-11-22BE E.74326-2
2015-09-09BE33GW.4757-3
2012-03-16TT.11631T.11631-2
2012-03-26T TM.8360-2
2013-04-18T TM.9092-3